Statistics for EuroBasket 2022 Teams Quiz

Click here to take the quiz!

General Stats

  • This quiz has been taken 70 times
  • The average score is 22 of 24

Answer Stats

Star PlayerCountry% Correct
Dennis SchröderGermany
98%
Willy HernangómezSpain
98%
Bojan BogdanovićCroatia
96%
Lauri MarkkanenFinland
96%
Rudy GobertFrance
96%
Gabriel OlaseniGreat Britain
96%
Simone FontecchioItaly
96%
Nikola JokićSerbia
96%
Jusuf NurkićBosnia and Herzegovina
95%
Jonas ValančiūnasLithuania
95%
Mateusz PonitkaPoland
95%
Luka DončićSlovenia
95%
Cedi OsmanTurkey
95%
Sviatoslav MykhailiukUkraine
95%
Tomáš SatoranskýCzech Republic
93%
Giannis AntetokounmpoGreece
93%
Bojan DubljevićMontenegro
91%
Aleksandar VezenkovBulgaria
88%
Alexander MamukelashviliGeorgia
86%
Ádám HangaHungary
86%
Worthy de JongNetherlands
84%
Retin ObasohanBelgium
82%
Deni AvdijaIsrael
82%
Maik-Kalev KotsarEstonia
71%

Score Distribution

Percentile by Number Answered

Percent of People with Each Score

Your Score History

You have not taken this quiz